[Event "Aut_2. Bundesliga Ost 2005/06"]
[Site "?"]
[Date "2005.10.09"]
[Round "2.1"]
[White "Posch, Werner"]
[Black "Smolen, Jan"]
[Result "1/2-1/2"]
[WhiteElo "2206"]
[BlackElo "2316"]
[PlyCount "90"]
[EventDate "2005.10.08"]

1. e4 Nc6 2. Nc3 e6 3. g3 d5 4. exd5 exd5 5. d4 Bf5 6. Be3 Bb4 7. Bg2 Qd7 8.
Nge2 Nf6 9. a3 Bxc3+ 10. Nxc3 O-O-O 11. h3 Ne4 12. Nxe4 Bxe4 13. f3 Bf5 14. Qd2
Qd6 15. Bf4 Rhe8+ 16. Kf2 Qg6 17. Rac1 Qe6 18. Rhe1 Qd7 19. g4 Bg6 20. b4 h5
21. b5 Ne7 22. Qa5 Kb8 23. b6 axb6 24. Qxb6 hxg4 25. fxg4 Be4 26. Rb1 Qc6 27.
Qxc6 Nxc6 28. Bxe4 dxe4 29. c3 Rd5 30. Re2 Kc8 31. Reb2 b6 32. Rb5 Ne7 33. Be3
Kd7 34. c4 Rxb5 35. Rxb5 f6 36. h4 Ra8 37. Bc1 Nc6 38. Bb2 Ra4 39. c5 Ra5 40.
Rxa5 Nxa5 41. Bc3 Nc4 42. cxb6 cxb6 43. Bb4 Ke6 44. h5 f5 45. Kg3 Ne3 1/2-1/2

[Event "Aut_2. Bundesliga Ost 2005/06"]
[Site "?"]
[Date "2005.10.09"]
[Round "2.1"]
[White "Kuthan, Andreas"]
[Black "Todor, Razvan"]
[Result "1/2-1/2"]
[WhiteElo "2158"]
[BlackElo "2153"]
[PlyCount "27"]
[EventDate "2005.10.08"]

1. e4 d5 2. exd5 Nf6 3. Bb5+ Nbd7 4. Nf3 Nxd5 5. d4 c6 6. Be2 N7f6 7. h3 Bf5 8.
O-O e6 9. a3 Be7 10. c4 Nb6 11. Nc3 O-O 12. Nh4 Bg6 13. Nxg6 hxg6 14. Be3
1/2-1/2

[Event "Aut_2. Bundesliga Ost 2005/06"]
[Site "?"]
[Date "2005.10.09"]
[Round "2.1"]
[White "Steiner, Adam"]
[Black "Froschauer, Hans"]
[Result "1/2-1/2"]
[WhiteElo "2131"]
[BlackElo "2126"]
[PlyCount "55"]
[EventDate "2005.10.08"]

1. e4 c5 2. Nf3 d6 3. d4 cxd4 4. Nxd4 Nf6 5. Nc3 a6 6. Bg5 e5 7. Nf5 Bxf5 8.
exf5 Be7 9. Bc4 Nbd7 10. O-O O-O 11. Bxf6 Nxf6 12. a4 Rc8 13. Bb3 Qa5 14. Qf3
Qb4 15. Rfd1 Rc5 16. h3 Rfc8 17. Nd5 Nxd5 18. Rxd5 e4 19. Qh5 Rxd5 20. Bxd5 Rf8
21. Rd1 Bf6 22. b3 Bd4 23. Qe2 Re8 24. Kf1 Re5 25. Qc4 Qxc4+ 26. Bxc4 Bc5 27.
g4 Kf8 28. Bd5 1/2-1/2

[Event "Aut_2. Bundesliga Ost 2005/06"]
[Site "?"]
[Date "2005.10.09"]
[Round "2.2"]
[White "Plachetka, Jan"]
[Black "Mahdi, Khaled"]
[Result "1/2-1/2"]
[WhiteElo "2422"]
[BlackElo "2337"]
[PlyCount "82"]
[EventDate "2005.10.08"]

1. e4 e5 2. Nf3 Nc6 3. Bb5 a6 4. Ba4 Nf6 5. O-O Be7 6. Re1 b5 7. Bb3 d6 8. c3
O-O 9. h3 Nd7 10. d4 Bf6 11. a4 Rb8 12. axb5 axb5 13. d5 Ne7 14. Na3 Nc5 15.
Ba2 c6 16. dxc6 Nxc6 17. b4 Na6 18. Nc2 Ne7 19. Ne3 Be6 20. Nd5 Bxd5 21. exd5
Nc7 22. Bb3 Ra8 23. Rb1 Qd7 24. c4 bxc4 25. Bxc4 Rfb8 26. Qd3 Rb7 27. Ng5 Bxg5
28. Bxg5 Rab8 29. Bd2 Ng6 30. Ra1 f6 31. Ra5 Nf4 32. Qf3 Qf5 33. Rc1 g5 34. Kh2
Nb5 35. Bxb5 Rxb5 36. Rc6 e4 37. Qc3 Rxb4 38. Qxb4 Rxb4 39. Bxb4 Nxh3 40. gxh3
Qxf2+ 41. Kh1 Qf1+ 1/2-1/2

[Event "Aut_2. Bundesliga Ost 2005/06"]
[Site "?"]
[Date "2005.10.09"]
[Round "2.2"]
[White "Wallner, Joachim"]
[Black "Beckhuis, Gernod"]
[Result "0-1"]
[WhiteElo "2278"]
[BlackElo "2298"]
[PlyCount "78"]
[EventDate "2005.10.08"]

1. e4 c5 2. Nf3 Nc6 3. d4 cxd4 4. Nxd4 g6 5. Nc3 Bg7 6. Be3 Nf6 7. Bc4 Qa5 8.
O-O O-O 9. a3 d6 10. h3 Bd7 11. Nb3 Qc7 12. Be2 Na5 13. Nxa5 Qxa5 14. Qd3 Rfc8
15. Rfd1 Be6 16. Rab1 Bc4 17. Qd2 Nd7 18. Nd5 Qxd2 19. Rxd2 Kf8 20. Bg5 Ba2 21.
Bxe7+ Ke8 22. Re1 Bxd5 23. exd5 Kxe7 24. Ba6+ Kf8 25. Bxb7 Re8 26. Rb1 Rab8 27.
Bc6 Re7 28. b4 Ne5 29. b5 Nc4 30. Rd3 Re2 31. Rb4 Rxc2 32. g3 Rc8 33. Rf3 Rc7
34. Rf4 Nd2 35. Ra4 Be5 36. Rfb4 Bc3 37. Rxa7 Rxa7 38. b6 Re7 39. b7 Rxb7 0-1

[Event "Aut_2. Bundesliga Ost 2005/06"]
[Site "?"]
[Date "2005.10.09"]
[Round "2.2"]
[White "Kirschner, Alexander"]
[Black "Bukacek, Emil"]
[Result "1/2-1/2"]
[WhiteElo "2153"]
[BlackElo "2206"]
[PlyCount "52"]
[EventDate "2005.10.08"]

1. c4 f5 2. Nc3 Nf6 3. d3 d6 4. g3 g6 5. Bg2 Bg7 6. e3 e5 7. Nge2 Nc6 8. Rb1
O-O 9. b4 Ne7 10. O-O c6 11. b5 c5 12. Qb3 g5 13. f4 gxf4 14. gxf4 Ng6 15. Nd5
Kh8 16. Nec3 Nh4 17. Bh3 Be6 18. Bd2 Bf7 19. Be1 Nxd5 20. Nxd5 Bh5 21. Qc2 Bg4
22. Bxg4 fxg4 23. Bxh4 Qxh4 24. Qf2 Qxf2+ 25. Rxf2 exf4 26. Nxf4 Rae8 1/2-1/2

[Event "Aut_2. Bundesliga Ost 2005/06"]
[Site "?"]
[Date "2005.10.09"]
[Round "2.2"]
[White "Poecksteiner, Johann"]
[Black "Lovrinovic, Christian"]
[Result "1-0"]
[WhiteElo "2151"]
[BlackElo "2155"]
[PlyCount "105"]
[EventDate "2005.10.08"]

1. e4 c5 2. Nf3 d6 3. d4 cxd4 4. Qxd4 Nc6 5. Bb5 Bd7 6. Bxc6 Bxc6 7. Nc3 e5 8.
Qd3 h6 9. O-O Nf6 10. Rd1 Be7 11. b3 O-O 12. a4 Qc7 13. Bb2 Rac8 14. Rac1 Rfd8
15. Qe2 Qa5 16. Nd2 d5 17. exd5 Nxd5 18. Nxd5 Qxd5 19. Nf3 Qe4 20. Rxd8+ Rxd8
21. Qxe4 Bxe4 22. Ne1 f6 23. Kf1 Kf7 24. Ke2 Ke6 25. f3 Bg6 26. Rd1 Rxd1 27.
Kxd1 Bb4 28. Nd3 Bxd3 29. cxd3 Kd5 30. Ke2 a5 31. g4 g6 32. h3 f5 33. Bc1 f4
34. Bb2 h5 35. Ba1 b6 36. Bb2 Bc5 37. Bc3 Bd4 38. Be1 Kc5 39. Kd1 Kd5 40. Kc2
Bc5 41. Bh4 Bg1 42. Bd8 Bf2 43. Bc7 Bh4 44. Bxb6 Be1 45. Bg1 Ke6 46. d4 e4 47.
Kd1 e3 48. Kxe1 hxg4 49. fxg4 Kd5 50. Bxe3 fxe3 51. h4 Kxd4 52. h5 gxh5 53.
gxh5 1-0

[Event "Aut_2. Bundesliga Ost 2005/06"]
[Site "?"]
[Date "2005.10.09"]
[Round "2.3"]
[White "Wallner, Alfred"]
[Black "Salamon, Werner"]
[Result "1-0"]
[WhiteElo "2203"]
[BlackElo "2109"]
[PlyCount "167"]
[EventDate "2005.10.08"]

1. e4 e5 2. Nf3 Nc6 3. Bb5 a6 4. Ba4 d6 5. c3 Nf6 6. d4 Bd7 7. O-O Be7 8. Re1
O-O 9. Nbd2 Re8 10. Nf1 Bf8 11. Ng3 h6 12. h3 g6 13. a3 Bg7 14. Bc2 Kh7 15. Be3
Qe7 16. Qd2 b6 17. dxe5 Nxe5 18. Nxe5 dxe5 19. Rad1 Bc6 20. f3 Red8 21. Qe2 a5
22. Bb3 Nd7 23. Qc4 Qf6 24. Qxf7 Qxf7 25. Bxf7 Bf8 26. Bd5 Bxd5 27. Rxd5 Bd6
28. Red1 Rdb8 29. c4 Kg7 30. Ne2 Nf6 31. R5d2 a4 32. Nc3 g5 33. Nd5 Nxd5 34.
Rxd5 Kf6 35. Kf2 Ke6 36. h4 gxh4 37. Rh1 Be7 38. Bxh6 c6 39. Rd2 b5 40. cxb5
Rxb5 41. Rc1 c5 42. Be3 Rab8 43. Rcc2 Rb3 44. Re2 R3b5 45. Bc1 Rb3 46. Rc4 Bf8
47. Re3 R3b6 48. Rd3 Ra8 49. Kg1 Rd6 50. Rxd6+ Kxd6 51. Bd2 Kc6 52. Rc2 Kb5 53.
Bc3 Bd6 54. Rd2 Kc6 55. Kh2 Rh8 56. Kh3 Rh6 57. Rd5 Kb5 58. Kg4 Bc7 59. Rd7 Kc6
60. Kg5 Re6 61. Rd5 h3 62. gxh3 Re8 63. Rd3 c4 64. Rd5 Rg8+ 65. Kh4 Bd8+ 66.
Rxd8 Rxd8 67. Bxe5 Rg8 68. f4 Kd7 69. Kh5 Rg3 70. h4 Ke6 71. Bc3 Re3 72. f5+
Kf7 73. e5 Rg3 74. e6+ Ke7 75. Be5 Rg1 76. Bd4 Rg2 77. Kh6 Rg4 78. Bg7 Rxh4+
79. Kg5 Rh2 80. Bf6+ Kf8 81. Kg6 Rg2+ 82. Bg5 Rxb2 83. f6 Rg2 84. e7+ 1-0

[Event "Aut_2. Bundesliga Ost 2005/06"]
[Site "?"]
[Date "2005.10.09"]
[Round "2.3"]
[White "Wutzlhofer, Robert"]
[Black "Kreindl, Helmut"]
[Result "1-0"]
[WhiteElo "1972"]
[BlackElo "2159"]
[PlyCount "85"]
[EventDate "2005.10.08"]

1. d4 d5 2. c4 e6 3. Nc3 Nf6 4. cxd5 exd5 5. Bg5 Be7 6. e3 c6 7. Bd3 Nbd7 8.
Nge2 O-O 9. Qc2 Re8 10. O-O Nf8 11. Ng3 h6 12. Bxf6 Bxf6 13. b4 Bd7 14. Rab1 g6
15. Qd2 Bg7 16. Na4 h5 17. Nc5 b6 18. Nxd7 Qxd7 19. Rfc1 Rac8 20. Rc2 Qd6 21.
Rbc1 Ne6 22. Bb5 Nd8 23. Qc3 Re7 24. Ne2 Rcc7 25. Ba4 b5 26. Bb3 Ne6 27. a3 Ng5
28. Nf4 Ne6 29. Nxe6 Rxe6 30. Qc5 Qxc5 31. Rxc5 Bf8 32. Rxb5 cxb5 33. Rxc7 Ra6
34. Bxd5 Rxa3 35. g3 Bxb4 36. Bxf7+ Kf8 37. Bxg6 h4 38. gxh4 Be7 39. h5 b4 40.
h6 Ra6 41. Rc8+ Bd8 42. Rxd8+ Ke7 43. h7 1-0

[Event "Aut_2. Bundesliga Ost 2005/06"]
[Site "?"]
[Date "2005.10.09"]
[Round "2.4"]
[White "Ganaus, Hannes"]
[Black "Varga, Zoltan"]
[Result "1/2-1/2"]
[WhiteElo "2368"]
[BlackElo "2542"]
[PlyCount "58"]
[EventDate "2005.10.08"]

1. Nf3 c5 2. e3 Nf6 3. b3 g6 4. Bb2 Bg7 5. c4 O-O 6. Be2 b6 7. O-O Bb7 8. d4
cxd4 9. Qxd4 d6 10. Nc3 Na6 11. Nd5 e5 12. Nxf6+ Qxf6 13. Qh4 Qxh4 14. Nxh4 e4
15. Bxg7 Kxg7 16. Rfd1 Rfd8 17. g3 Nc7 18. Rd2 Kf6 19. Rad1 Ke7 20. Ng2 a5 21.
Ne1 d5 22. Nc2 dxc4 23. Bxc4 b5 24. Bf1 Rxd2 25. Rxd2 b4 26. Bc4 Rc8 27. a3
bxa3 28. Nxa3 Ne6 29. Nb5 Nc5 1/2-1/2

[Event "Aut_2. Bundesliga Ost 2005/06"]
[Site "?"]
[Date "2005.10.09"]
[Round "2.4"]
[White "Vajda, Szidonia"]
[Black "Neumeier, Klaus"]
[Result "1-0"]
[WhiteElo "2393"]
[BlackElo "2255"]
[PlyCount "125"]
[EventDate "2005.10.08"]

1. e4 e5 2. Nf3 Nc6 3. Nc3 Nf6 4. d4 exd4 5. Nxd4 Bb4 6. Nxc6 bxc6 7. Bd3 d5 8.
exd5 cxd5 9. O-O O-O 10. Bg5 c6 11. Qf3 Bd6 12. Na4 Re8 13. h3 Rb8 14. c4 Be6
15. Rac1 h6 16. Bxf6 Qxf6 17. Qxf6 gxf6 18. b3 Ba3 19. Rc2 dxc4 20. Bxc4 Bxc4
21. Rxc4 Re2 22. Nc3 Rc2 23. Ra4 Rxc3 24. Rxa3 Rb7 25. Rd1 Rc2 26. Rd3 Re7 27.
Rf3 Kg7 28. Ra4 h5 29. h4 Re1+ 30. Kh2 Ree2 31. Raf4 Re6 32. Rf5 Kg6 33. Ra5
Re4 34. Kh3 Rc1 35. g3 Ree1 36. Rf4 Rh1+ 37. Kg2 Rhg1+ 38. Kf3 Rc3+ 39. Ke2 Ra1
40. Raf5 Rxa2+ 41. Kf1 Rxb3 42. Rxf6+ Kg7 43. Rxf7+ Kg8 44. Rc7 a5 45. Rxc6 a4
46. Rg6+ Kh7 47. Rg5 a3 48. Rxh5+ Kg6 49. Rg5+ Kh7 50. Rf7+ Kh8 51. Ra5 Kg8 52.
Re7 Rb1+ 53. Kg2 Rb8 54. Re3 Rbb2 55. Rf3 Rc2 56. Ra7 Rcb2 57. h5 Rc2 58. h6
Rc8 59. Rg7+ Kh8 60. Rgf7 Rxf2+ 61. Rxf2 a2 62. Ra7 Rg8 63. Raxa2 1-0

[Event "Aut_2. Bundesliga Ost 2005/06"]
[Site "?"]
[Date "2005.10.09"]
[Round "2.4"]
[White "Weissenbeck, Manuel"]
[Black "Krpelan, Wolfgang"]
[Result "0-1"]
[WhiteElo "2248"]
[BlackElo "2226"]
[PlyCount "110"]
[EventDate "2005.10.08"]

1. Nf3 d5 2. d4 c6 3. g3 Bf5 4. Bg2 e6 5. O-O Nf6 6. b3 Nbd7 7. Nbd2 Qa5 8. Bb2
Ba3 9. Qc1 Bxb2 10. Qxb2 Ne4 11. c4 Qc3 12. Qxc3 Nxc3 13. Rfe1 Ne4 14. Nf1 h6
15. Ne3 Bh7 16. Rac1 Ke7 17. Red1 Rhc8 18. Ne5 Nef6 19. Nd3 Bxd3 20. Rxd3 b5
21. f3 Kd8 22. Nd1 a5 23. e4 a4 24. cxb5 cxb5 25. Rxc8+ Rxc8 26. Rc3 Ra8 27. b4
Nb6 28. Kf2 Nc4 29. Ne3 Rc8 30. e5 Ng8 31. Bf1 Ne7 32. g4 Nc6 33. Nc2 Ke7 34.
h4 f6 35. f4 Rf8 36. exf6+ gxf6 37. Bxc4 dxc4 38. Rg3 e5 39. Re3 Kd6 40. dxe5+
fxe5 41. f5 h5 42. Kg3 hxg4 43. Kxg4 Rg8+ 44. Kf3 Kd5 45. Re4 Nd4+ 46. Nxd4
exd4 47. Re7 d3 48. f6 Rf8 49. f7 Kd6 50. Rb7 Kc6 51. Re7 c3 52. Ke3 d2 53. Ke2
Rd8 54. Re6+ Kc7 55. Re7+ Kc8 0-1

[Event "Aut_2. Bundesliga Ost 2005/06"]
[Site "?"]
[Date "2005.10.09"]
[Round "2.4"]
[White "Pichler, Michael"]
[Black "Stranz, Richard"]
[Result "1-0"]
[WhiteElo "2194"]
[BlackElo "2207"]
[PlyCount "75"]
[EventDate "2005.10.08"]

1. e4 c5 2. Nc3 Nc6 3. g3 g6 4. Bg2 Bg7 5. d3 Rb8 6. f4 d6 7. Nf3 b5 8. a3 a5
9. O-O b4 10. axb4 axb4 11. Ne2 Nf6 12. h3 O-O 13. g4 Nd7 14. Rb1 Nd4 15. Be3
Nxf3+ 16. Rxf3 Bb7 17. f5 c4 18. Nf4 cxd3 19. cxd3 Qa5 20. Rf2 Rbc8 21. d4 Nb6
22. b3 Qb5 23. Qd2 Rc3 24. Bf1 Qa5 25. Bd3 Nd7 26. Ne2 Rc7 27. Rbf1 Nf6 28. Ng3
Rc3 29. g5 Nd7 30. Ne2 Rc7 31. Nf4 Nb6 32. h4 Rc3 33. h5 Rxb3 34. hxg6 hxg6 35.
fxg6 fxg6 36. Ne6 Rxf2 37. Qxf2 Rxd3 38. Qf7+ 1-0

[Event "Aut_2. Bundesliga Ost 2005/06"]
[Site "?"]
[Date "2005.10.09"]
[Round "2.4"]
[White "Kocsisek, Marcus"]
[Black "Mayr, Thomas"]
[Result "1-0"]
[WhiteElo "2197"]
[BlackElo "2111"]
[PlyCount "59"]
[EventDate "2005.10.08"]

1. d4 d5 2. Nf3 Nf6 3. e3 c6 4. b3 Bg4 5. Be2 e6 6. O-O Bd6 7. Bb2 O-O 8. Nbd2
Nbd7 9. Ne5 Bf5 10. g4 Bg6 11. f4 Ne4 12. Nxg6 Nxd2 13. Qxd2 hxg6 14. Bd3 g5
15. Qg2 Qf6 16. Rf3 g6 17. Raf1 gxf4 18. exf4 Nc5 19. c4 Nxd3 20. Rxd3 Rae8 21.
f5 g5 22. h4 Bf4 23. hxg5 Bxg5 24. Ba3 Kg7 25. Bd6 Qd8 26. Bxf8+ Kxf8 27. f6
dxc4 28. bxc4 Bxf6 29. Qe4 Ke7 30. Qf4 1-0

[Event "Aut_2. Bundesliga Ost 2005/06"]
[Site "?"]
[Date "2005.10.09"]
[Round "2.5"]
[White "Franzen, Jozef"]
[Black "Miniboeck, Guenter"]
[Result "1/2-1/2"]
[WhiteElo "2332"]
[BlackElo "2362"]
[PlyCount "31"]
[EventDate "2005.10.08"]

1. Nf3 c5 2. b3 d6 3. Bb2 e5 4. e4 Nc6 5. Bb5 g6 6. O-O Bg7 7. h3 Nge7 8. c3
O-O 9. d4 exd4 10. cxd4 d5 11. exd5 Nxd4 12. Nxd4 cxd4 13. Bxd4 Bxd4 14. Qxd4
Qxd5 15. Qxd5 Nxd5 16. Bc4 1/2-1/2

[Event "Aut_2. Bundesliga Ost 2005/06"]
[Site "?"]
[Date "2005.10.09"]
[Round "2.5"]
[White "Schneider-Zinner, Harald"]
[Black "Brustkern, Juergen"]
[Result "1/2-1/2"]
[WhiteElo "2350"]
[BlackElo "2258"]
[PlyCount "99"]
[EventDate "2005.10.08"]

1. Nf3 Nf6 2. c4 g6 3. d4 Bg7 4. Nc3 O-O 5. e4 d6 6. Be2 Bg4 7. Be3 Nfd7 8. Ng1
Bxe2 9. Ngxe2 c5 10. O-O Nc6 11. b3 cxd4 12. Nxd4 Nc5 13. Qd2 Qa5 14. Rfd1 Ne6
15. Nce2 Qxd2 16. Rxd2 Rfc8 17. Rad1 Nexd4 18. Nxd4 Nxd4 19. Bxd4 Bxd4 20. Rxd4
f6 21. Rd5 b6 22. f4 Rc5 23. e5 Rxd5 24. Rxd5 fxe5 25. fxe5 Rd8 26. exd6 exd6
27. a4 Kf7 28. Kf2 Ke6 29. Ke3 Rf8 30. a5 Kd7 31. h4 Rf1 32. axb6 axb6 33. h5
Kc6 34. hxg6 hxg6 35. Rg5 Rf6 36. Kd4 Rf4+ 37. Ke3 Rf6 38. g3 Kc7 39. Kd4 Kc6
40. Rg4 Kd7 41. b4 Kc6 42. Rf4 Rxf4+ 43. gxf4 b5 44. Kc3 Kb6 45. Kd3 Kc6 46.
Kd4 Kb6 47. Kd5 bxc4 48. Kxc4 Kc6 49. b5+ Kb6 50. Kd5 1/2-1/2

[Event "Aut_2. Bundesliga Ost 2005/06"]
[Site "?"]
[Date "2005.10.09"]
[Round "2.5"]
[White "Somasundram, Jayakumar"]
[Black "Filip, Daniel"]
[Result "0-1"]
[WhiteElo "1918"]
[BlackElo "1917"]
[PlyCount "40"]
[EventDate "2005.10.08"]

1. e4 e6 2. d4 d5 3. Nd2 Nf6 4. exd5 exd5 5. Ngf3 Bd6 6. Qe2+ Be7 7. Ne5 O-O 8.
f4 Re8 9. g3 c5 10. c3 Nc6 11. Nxc6 bxc6 12. Kf2 Ng4+ 13. Kg1 cxd4 14. Nb3 dxc3
15. Nd4 Bc5 16. Qd3 Ba6 17. Qd1 Bxf1 18. bxc3 Bh3 19. Qd3 Qe7 20. Bd2 Qe2 0-1

[Event "Aut_2. Bundesliga Ost 2005/06"]
[Site "?"]
[Date "2005.10.09"]
[Round "2.6"]
[White "Holemar, David"]
[Black "Groetz, Harald"]
[Result "1/2-1/2"]
[WhiteElo "2318"]
[BlackElo "2296"]
[PlyCount "116"]
[EventDate "2005.10.08"]

1. d4 Nf6 2. c4 g6 3. Nc3 Bg7 4. e4 d6 5. f4 O-O 6. Nf3 Na6 7. Bd3 Bg4 8. h3
Bxf3 9. Qxf3 Nd7 10. Ne2 e5 11. fxe5 c5 12. O-O cxd4 13. Nxd4 Nxe5 14. Qe2 Nxd3
15. Qxd3 Nc5 16. Qe3 Re8 17. Nb5 Nxe4 18. Qf3 Qd7 19. Bf4 a6 20. Nc3 Nxc3 21.
bxc3 Rac8 22. Rad1 Rxc4 23. Rxd6 Qf5 24. Rd3 Rec8 25. g4 Qe4 26. Bd2 Qxf3 27.
Rfxf3 b5 28. Rd7 R4c7 29. Rfxf7 Rxd7 30. Rxd7 Bxc3 31. Bh6 Be5 32. Kg2 Rc7 33.
Rd8+ Kf7 34. Kf3 Ke6 35. Re8+ Re7 36. Ra8 Kd5 37. Rxa6 Rf7+ 38. Kg2 Bd4 39. Ra8
Kc4 40. Kg3 Bf2+ 41. Kg2 Ba7 42. Kg3 Kc3 43. Bf4 Kc2 44. Bd6 Kd3 45. Rd8 Kc4
46. Rc8+ Kd5 47. Bb4 Bf2+ 48. Kg2 Bd4 49. Ra8 Kc4 50. Bd6 Rd7 51. Bf8 Ba7 52.
Kf3 Kd3 53. Kf4 Rd4+ 54. Ke5 Ra4 55. Kd5 Kc3 56. Bg7+ Kb4 57. Bf8+ Kc3 58. Bg7+
Kb4 1/2-1/2

[Event "Aut_2. Bundesliga Ost 2005/06"]
[Site "?"]
[Date "2005.10.09"]
[Round "2.6"]
[White "Hangweyrer, Manfred"]
[Black "Zwettler, Martin"]
[Result "1-0"]
[WhiteElo "2327"]
[BlackElo "2167"]
[PlyCount "113"]
[EventDate "2005.10.08"]

1. e4 c5 2. Nf3 e6 3. d3 Nc6 4. g3 d5 5. Qe2 Nf6 6. Bg2 Be7 7. O-O O-O 8. e5
Ne8 9. c4 Nc7 10. Nc3 Rb8 11. Bf4 b5 12. b3 bxc4 13. dxc4 Nd4 14. Qd1 dxc4 15.
bxc4 Ba6 16. Nd2 Na8 17. a4 Rb4 18. Nb5 Nb6 19. Re1 Nxc4 20. Nxc4 Rxc4 21. Bf1
Rb4 22. Bg2 Nxb5 23. axb5 Qxd1 24. Rexd1 Bxb5 25. Rxa7 Re8 26. Be3 Bf8 27. h4
h6 28. Rc7 c4 29. Bf1 Rb2 30. Rb7 Ba3 31. Bc1 Rb1 32. Bxc4 Rxc1 33. Rxc1 Bxc1
34. Bxb5 Rd8 35. Kg2 Ba3 36. h5 Kf8 37. f4 Be7 38. Kf3 Ra8 39. g4 Rd8 40. Ke4
Rd1 41. Bd7 Bc5 42. Rb8+ Ke7 43. Bb5 Rd5 44. Kf3 Rd8 45. Rb7+ Kf8 46. f5 exf5
47. gxf5 Be7 48. Ke4 f6 49. e6 Ra8 50. Bc6 Rc8 51. Ra7 g5 52. fxg6 Rxc6 53. g7+
Kxg7 54. Rxe7+ Kf8 55. Kf5 Rc5+ 56. Kxf6 Rxh5 57. Ra7 1-0

[Event "Aut_2. Bundesliga Ost 2005/06"]
[Site "?"]
[Date "2005.10.09"]
[Round "2.6"]
[White "Wiedermann, Franz"]
[Black "Janetschek, Karl"]
[Result "1/2-1/2"]
[WhiteElo "2056"]
[BlackElo "2273"]
[PlyCount "109"]
[EventDate "2005.10.08"]

1. d4 d6 2. c4 e5 3. dxe5 dxe5 4. Qxd8+ Kxd8 5. Nc3 Be6 6. Nf3 Nd7 7. b3 f6 8.
Bd2 c6 9. h4 h5 10. g3 Nh6 11. Bh3 Bxh3 12. Rxh3 Nf5 13. O-O-O Bc5 14. Ne4 Kc7
15. e3 Be7 16. Bc3 Nh6 17. Rhh1 Nf7 18. Rd2 Rhd8 19. Rhd1 Nf8 20. Rxd8 Rxd8 21.
Rg1 g6 22. Kc2 Kd7 23. b4 Ke6 24. Ned2 b5 25. e4 Nd7 26. c5 a5 27. a3 a4 28.
Re1 Bf8 29. Nb1 Bh6 30. Bd2 Nf8 31. Nc3 Ke7 32. Re2 Ne6 33. Bxh6 Nxh6 34. Rd2
Ng4 35. Rxd8 Kxd8 36. Nd1 Ke7 37. Kd3 g5 38. Kc3 Kf7 39. Kd3 Kg6 40. Kc3 Kh6
41. Kd3 Nf8 42. Ke2 Ne6 43. Ne3 Nxe3 44. fxe3 gxh4 45. gxh4 Kg6 46. Kd3 Nd8 47.
Nd2 Nf7 48. Nb1 Nh8 49. Nc3 Kf7 50. Ne2 Ng6 51. Ng3 Nxh4 52. Nxh5 Kg6 53. Ng3
Kg5 54. Ke2 Kg4 55. Kf2 1/2-1/2

[Event "Aut_2. Bundesliga Ost 2005/06"]
[Site "?"]
[Date "2005.11.19"]
[Round "3.1"]
[White "Polak, Tomas"]
[Black "Markos, Jan"]
[Result "1/2-1/2"]
[WhiteElo "2499"]
[BlackElo "2495"]
[PlyCount "34"]
[EventDate "2005.10.08"]

1. d4 Nf6 2. c4 e6 3. Nf3 b6 4. g3 Ba6 5. b3 Bb4+ 6. Bd2 Be7 7. Bg2 c6 8. Bc3
d5 9. Ne5 Nfd7 10. Nxd7 Nxd7 11. Nd2 O-O 12. O-O Rc8 13. e4 b5 14. Re1 dxe4 15.
Bxe4 bxc4 16. Nxc4 Nb6 17. Nxb6 axb6 1/2-1/2

[Event "Aut_2. Bundesliga Ost 2005/06"]
[Site "?"]
[Date "2005.11.19"]
[Round "3.1"]
[White "Manik, Mikulas"]
[Black "Chytilek, Roman"]
[Result "1-0"]
[WhiteElo "2474"]
[BlackElo "2400"]
[PlyCount "81"]
[EventDate "2005.10.08"]

1. e4 Nf6 2. e5 Nd5 3. d4 d6 4. Nf3 Nb6 5. a4 a5 6. Bb5+ c6 7. Bd3 Bg4 8. h3
Bxf3 9. Qxf3 dxe5 10. dxe5 e6 11. Nc3 N8d7 12. Qg3 Nc5 13. O-O g6 14. Bg5 Be7
15. Bh6 Bf8 16. Be3 Nbd7 17. Rad1 Qb8 18. f4 Be7 19. Qf2 O-O 20. Rd2 Qc7 21.
Rfd1 Rad8 22. b3 b6 23. Ne4 Nxe4 24. Bxe4 Bb4 25. Rd3 Nc5 26. Rxd8 Rxd8 27.
Rxd8+ Qxd8 28. Bxc6 Qd1+ 29. Kh2 h5 30. Bf3 Qa1 31. Qe2 h4 32. Qd1 Qxd1 33.
Bxd1 Be1 34. Kg1 Bg3 35. Kf1 Kg7 36. Ke2 f5 37. exf6+ Kxf6 38. Kf3 e5 39. fxe5+
Kxe5 40. Be2 Ne6 41. Bd3 1-0

[Event "Aut_2. Bundesliga Ost 2005/06"]
[Site "?"]
[Date "2005.11.19"]
[Round "3.1"]
[White "Groetz, Harald"]
[Black "Alvir, Aco"]
[Result "0-1"]
[WhiteElo "2325"]
[BlackElo "2393"]
[PlyCount "102"]
[EventDate "2005.10.08"]

1. e4 c5 2. Nf3 d6 3. c3 Nf6 4. Bd3 g6 5. Bc2 Bg7 6. h3 O-O 7. O-O Nc6 8. Re1
e5 9. d4 Qc7 10. dxc5 dxc5 11. Be3 b6 12. Qc1 Nh5 13. Ba4 Bb7 14. Bh6 Rad8 15.
Bxg7 Kxg7 16. Bb5 Nf4 17. Qe3 Na5 18. Nbd2 c4 19. Nxc4 Rd3 20. Qxf4 exf4 21.
Nxa5 Rxf3 22. Nxb7 Rxf2 23. Kxf2 Qxb7 24. Rad1 Qe7 25. Rd5 Qh4+ 26. Kf1 h5 27.
Red1 f3 28. gxf3 Qxh3+ 29. Ke2 Qg2+ 30. Kd3 a6 31. Bxa6 Qxf3+ 32. Kc2 Qxe4+ 33.
Kb3 Ra8 34. Bb5 Ra7 35. R1d4 Qe7 36. Rd6 h4 37. Bf1 Ra5 38. Rxb6 Rf5 39. Bh3
Rf3 40. Bg4 Rg3 41. Rd7 Qe3 42. Re6 Qg5 43. Be2 h3 44. Bc4 h2 45. Re1 Rf3 46.
Bd5 Rf2 47. Bc4 Qg4 48. Rdd1 Qf5 49. Rc1 g5 50. a4 g4 51. Rf1 Rxf1 0-1

[Event "Aut_2. Bundesliga Ost 2005/06"]
[Site "?"]
[Date "2005.11.19"]
[Round "3.1"]
[White "Lipka, Juraj"]
[Black "Hangweyrer, Manfred"]
[Result "1/2-1/2"]
[WhiteElo "2395"]
[BlackElo "2332"]
[PlyCount "60"]
[EventDate "2005.10.08"]

1. d4 e6 2. Nf3 f5 3. g3 Nf6 4. Bg2 Be7 5. O-O O-O 6. c4 d6 7. Nc3 Qe8 8. b3
Nc6 9. d5 Nd8 10. dxe6 Nxe6 11. Bb2 f4 12. Nd5 Bd8 13. Nxf4 Nxf4 14. gxf4 Qh5
15. Qd4 Re8 16. Ng5 c6 17. Ne4 Rxe4 18. Bxe4 Bh3 19. Rfe1 Bb6 20. Qd3 Nxe4 21.
Qxe4 Re8 22. Qf3 Bg4 23. Qg3 Re6 24. h3 Rg6 25. hxg4 Rxg4 26. Kg2 Qg6 27. e4
Bxf2 28. Qxg4 Qxg4+ 29. Kxf2 Qxf4+ 30. Kg1 Qg3+ 1/2-1/2

[Event "Aut_2. Bundesliga Ost 2005/06"]
[Site "?"]
[Date "2005.11.19"]
[Round "3.1"]
[White "Schmid, Thomas"]
[Black "Kuthan, Andreas"]
[Result "1/2-1/2"]
[WhiteElo "2117"]
[BlackElo "2220"]
[PlyCount "30"]
[EventDate "2005.10.08"]

1. e4 e6 2. d4 d5 3. Nd2 c5 4. exd5 Qxd5 5. Ngf3 cxd4 6. Bc4 Qd6 7. O-O Nf6 8.
Nb3 Nc6 9. Nbxd4 Nxd4 10. Nxd4 a6 11. Bb3 Qc7 12. Qf3 Bd6 13. Kh1 Bd7 14. Bg5
O-O-O 15. Rad1 Qc5 1/2-1/2

[Event "Aut_2. Bundesliga Ost 2005/06"]
[Site "?"]
[Date "2005.11.19"]
[Round "3.1"]
[White "Eder, Martin"]
[Black "Batyte, Daiva"]
[Result "1/2-1/2"]
[WhiteElo "2196"]
[BlackElo "2162"]
[PlyCount "54"]
[EventDate "2005.10.08"]

1. d4 Nf6 2. g3 e6 3. Bg2 c5 4. Nf3 d5 5. c3 Nc6 6. O-O Bd6 7. Bf4 Bxf4 8. gxf4
cxd4 9. Nxd4 O-O 10. e3 e5 11. fxe5 Nxe5 12. Nd2 Bg4 13. Qb3 Qd7 14. N2f3 Rfe8
15. Rfe1 Bh3 16. Qb5 Qg4 17. Qf1 Nd3 18. Re2 Re4 19. Kh1 Bxg2+ 20. Qxg2 Rae8
21. Rd2 Qxg2+ 22. Kxg2 Rg4+ 23. Kf1 Nc5 24. Ne2 Ra4 25. Rdd1 h6 26. Nf4 Nce4
27. h3 Ra5 1/2-1/2

[Event "Aut_2. Bundesliga Ost 2005/06"]
[Site "?"]
[Date "2005.11.19"]
[Round "3.2"]
[White "Tibensky, Robert"]
[Black "Blatny, Pavel"]
[Result "1/2-1/2"]
[WhiteElo "2432"]
[BlackElo "2519"]
[PlyCount "81"]
[EventDate "2005.10.08"]

1. Nf3 b6 2. g3 Bb7 3. Bg2 e6 4. O-O f5 5. c4 Nf6 6. d4 Be7 7. d5 Qc8 8. Nc3
O-O 9. Nd4 c6 10. Bf4 Na6 11. Rc1 Nc5 12. b4 Nce4 13. Nxe4 Nxe4 14. b5 c5 15.
Nb3 Bf6 16. f3 Ng5 17. Bxg5 Bxg5 18. f4 Bf6 19. e4 fxe4 20. Bxe4 exd5 21. Bxd5+
Kh8 22. Qf3 Bxd5 23. Qxd5 a6 24. a4 axb5 25. axb5 Ra3 26. Nd2 Bd4+ 27. Kh1 Ra2
28. Nf3 d6 29. Ng5 h6 30. Ne6 Re8 31. Rfe1 Bf2 32. Re4 Qb8 33. f5 Qa8 34. f6
gxf6 35. Qf5 Bd4 36. Rce1 Rf2 37. Qg6 Rxe6 38. Qxh6+ Kg8 39. Qg6+ Kf8 40. Qh6+
Kg8 41. Qg6+ 1/2-1/2